000 01508nam0a2200373 4500
001 RU\NLR\bibl\989396
005 20260406152353.0
010 _a5-17-026992-7
_bАСТ
010 _a5-9713-3078-0
_bАСТ Москва
021 _aRU
_b2006-46298
_92310
021 _aRU
_b2006-46193
_92306
035 _a(nilc)RSL-KNO-002914494
035 _a(NLR Aleph) 000977219
090 _a436341
_c436341
100 _a20060817d2006 |||y0rusy50 ca
101 1 _arus
_ceng
102 _aRU
105 _ay |||||||||
106 _ar
200 1 _aЛюбящее сердце
_eроман
_fМэри Бэлоу
_g[пер. с англ. Я. Е. Царьковой]
210 _aМосква
_cАСТ
_cАСТ Москва
_d2006
215 _a316, [1] с.
_d17
225 1 _aМини-Шарм
610 0 _aФилологические науки -- Художественная литература -- США -- Американская литература -- с 1945 г. -- Произведения художественной литературы -- Художественная проза -- Романы. Повести. Рассказы
686 _aШ5(7США)62-644
_2rubbk
686 _aШ6(7К)167-440.4{Лх1960-18}
700 1 _4070
_8rus
_7ca
_aБэлоу
_bМ.
_f1944-
_gМэри
_3RU\NLR\AUTH\775928
_9115885
801 0 _aRU
_bРКП
_c20060817
_grcr
801 1 _aRU
_bРГБ
_c20060817
801 2 _aRU
_bNLR
_c20060929
_grcr
942 _cBOOK
980 _aNB